00604nam a22002052 45000010005000000030008000050050017000130080041000300350018000710400032000890410008001210820022001291000031001512450040001822500017002222600053002393000045002925040020003376500041003579643BD-RjUL20211208234819.0140121r19451939enka 001 0 eng d a(BD-RjUL)9688 aPITcPITdEQOdBD-RjULbeng aeng04216a541bMEP 19451 aMee, A. J.q(Arthur James)10aPhysical chemistry /cby A. J. Mee. a2d ed., rev. aLondon :bW. Heinemann,c1939 [ reprinted 1945]. axix, 782 p. :billus., diagrs. ;c22 cm. aIncludes index. 0aChemistry, Physical and theoretical.